[Event "CHN-ch Open 2019"]
[Site "Xinghua"]
[Date "2019.05.22"]
[Round "11.2"]
[White "Xu, Yinglun"]
[Black "Liu, Yan"]
[Result "1/2-1/2"]
[WhiteElo "2528"]
[BlackElo "2502"]
[Annotator "TA"]
[PlyCount "60"]
[EventDate "2019.05.11"]
[EventType "tourn"]
[EventCountry "CHN"]
[SourceTitle "playchess.com"]
[Source "ChessBase"]
[SourceQuality "1"]

{[%evp 17,60,0,10,11,14,-11,10,-2,23,12,14,-1,0,-13,0,-28,-20,-38,-24,-21,-28,-23,-14,-41,0,9,11,0,0,0,3,0,0,0,0,0,0,0,6,4,8,8,19,19,23]} 1. d4 Nf6 2. c4 e6 3. Nf3 b6 4. g3 Bb4+ 5. Bd2 Be7 6. Bg2 c6 7. O-O d5 8. Ne5 O-O 9. Bc3 Bb7 10. Nd2 {E15: Queen's Indian: 4 g3 sidelines, 4 g3 Ba6 and 4 g3 Bb7 early deviations} Nbd7 11. Nd3 $146 ({Predecessor:} 11. e4 Nxe5 12. dxe5 d4 13. exf6 gxf6 14. Rc1 {½-½ (59) Hertneck,G (2555)-Sturua,Z (2600) Bad Wiessee 1998}) 11... a5 12. Rc1 Qb8 13. b3 Rd8 14. Re1 dxc4 15. bxc4 c5 16. dxc5 (16. Bxb7 {is more complex.} Qxb7 17. e3 b5 18. cxb5 cxd4 19. Bxd4 Qxb5 20. Nc4) 16... Bxg2 17. Kxg2 Nxc5 18. Nxc5 Bxc5 19. Bxf6 gxf6 20. Qc2 Rxd2 21. Qxd2 {Qh6 is the strong threat.The position is equal.} Bb4 22. Qb2 {Hoping for Red1.} Bxe1 23. Rxe1 $11 {[%mdl 4096] Endgame KQR-KQR} Qe5 24. Qxb6 Qe4+ 25. Kg1 Qxc4 26. Qb2 Qb4 27. Rb1 Qxb2 28. Rxb2 Rc8 29. Rb5 Rc2 30. Rxa5 {Black should prevent Ra8+.} Rxe2 {Accuracy: White = 51%, Black = 55%.} 1/2-1/2

[Event "CHN-ch Open 2019"]
[Site "Xinghua"]
[Date "2019.05.22"]
[Round "11.3"]
[White "Xu, Jun"]
[Black "Zhao, Yuanhe"]
[Result "1/2-1/2"]
[WhiteElo "2487"]
[BlackElo "2437"]
[Annotator "TA"]
[PlyCount "98"]
[EventDate "2019.05.11"]
[EventType "tourn"]
[EventCountry "CHN"]
[SourceTitle "playchess.com"]
[Source "ChessBase"]
[SourceQuality "1"]

{[%evp 18,98,17,12,20,15,18,0,0,-7,57,33,63,56,79,80,143,106,81,55,118,49,50,42,83,66,79,55,49,35,128,94,108,103,127,121,121,123,200,161,158,160,154,77,75,76,134,78,108,75,105,127,146,136,206,158,165,165,437,437,475,396,503,503,503,503,496,496,459,441,422,0,0,0,0,0,0,0,0,0,0,0,0]} 1. d4 Nf6 2. c4 c5 3. d5 b5 4. Nf3 g6 5. cxb5 a6 6. b6 Qxb6 7. Nc3 d6 8. a4 Bg7 9. a5 Qc7 10. e4 O-O {A57: Benko/Volga Gambit} 11. h3 e6 12. Bc4 exd5 13. Bxd5 (13. exd5 Re8+ 14. Be3 Bf5 15. O-O Ne4 16. Nxe4 Bxe4 17. Nd2 Nd7 18. Nxe4 Rxe4 {0-1 (66) Nadanian,A (2379)-Melkumyan,H (2654) Yerevan 2016}) 13... Nxd5 $146 (13... Nc6 $11) ({Predecessor:} 13... Bb7 14. Bxb7 Qxb7 15. O-O Nxe4 16. Nxe4 Qxe4 17. Qxd6 Rc8 {½-½ (35) Alvarado Ascanio,F (2195)-Ventura Gonzalez,F (2167) Las Palmas 2011}) 14. Nxd5 $14 (14. Qxd5 Bxc3+ 15. bxc3 Bb7 $17) 14... Qb7 15. O-O $36 {[%mdl 2048] Black is under pressure.} Ra7 16. Bf4 Qc6 ({Black should play} 16... Be6) 17. Nb6 Rd8 18. e5 (18. Nxc8 $6 Qxc8 19. Qd5 (19. Bxd6 Qe6 $11) 19... Nc6 $11) 18... Be6 (18... Nd7 $1 $14) 19. Bg5 ({White should try} 19. exd6 $16 Rb7 20. Ng5) 19... Re8 20. Qxd6 Qxd6 21. exd6 Nd7 22. Be3 Bxb2 23. Rab1 Ba3 ({Better is} 23... Bc3 $14) 24. Ng5 $1 $16 Bf5 25. Rb3 Bb4 {...Nxb6 is the strong threat.} 26. Nd5 $1 {[%cal Rd5e7] Black must now prevent Ne7+.} h6 27. g4 ({Much weaker is} 27. Nxb4 $6 Rb7 $11) 27... Bc2 (27... hxg5 $16 {was necessary.} 28. gxf5 gxf5) 28. Rb2 Bd3 29. Rd1 $1 Bb5 30. Nxb4 (30. Nf3 $142 $1 Rb7 31. Nxb4 cxb4 32. Rxb4 (32. Bxh6 Bc6 $14)) 30... hxg5 31. Nd5 Re5 {[#]} (31... f6 $142) 32. Ne7+ (32. Bxg5 $142 $1 {[%mdl 512]} Kg7 (32... Rxg5 33. Ne7+) 33. Nc7) 32... Kh7 33. Rd5 Rxd5 34. Nxd5 Bc6 35. Nb6 f6 (35... Rb7 $16 36. Bxg5 Bb5) 36. Rc2 Rb7 37. Bxc5 Ne5 $2 (37... Kg7 38. Bd4 Nb8) 38. Rc3 $18 Rb8 39. Bd4 {And now Bxe5 would win.} Nf3+ {[#]} 40. Rxf3 $1 {[%mdl 512]} Bxf3 41. Bxf6 {[%mdl 4096] Endgame KRB-KBN} Bc6 42. d7 Bxd7 43. Nxd7 Rb5 {[#]} 44. Bd8 $2 ({White must play} 44. Bc3 $1 $18) 44... Rb1+ $1 $11 {The position is equal.} 45. Kg2 Rd1 46. Nf8+ Kg8 $1 47. Be7 ({Of course not} 47. Nxg6 Rxd8 48. h4 gxh4 $17) 47... Kf7 48. Bb4 Rd4 49. Ba3 {Strongly threatening Nh7.} Rd3 {Accuracy: White = 63%, Black = 46%.} 1/2-1/2

[Event "CHN-ch Open 2019"]
[Site "Xinghua"]
[Date "2019.05.22"]
[Round "11.5"]
[White "Xu, Xiangyu"]
[Black "Lu, Shanglei"]
[Result "0-1"]
[WhiteElo "2583"]
[BlackElo "2606"]
[Annotator "TA"]
[PlyCount "102"]
[EventDate "2019.05.11"]
[EventType "tourn"]
[EventCountry "CHN"]
[SourceTitle "playchess.com"]
[Source "ChessBase"]
[SourceQuality "1"]

{[%evp 15,102,11,30,34,29,34,32,34,45,44,70,56,35,0,0,0,0,0,0,0,0,0,0,-38,0,0,0,0,0,0,0,-126,-109,-127,-122,-115,-120,-171,-158,-154,-162,-136,-165,-168,-157,-176,-165,-192,-185,-182,-177,-159,-153,-256,-251,-243,-222,-256,-249,-270,-270,-248,-227,-292,-224,-318,-314,-309,-298,-440,-437,-504,-502,-610,-562,-735,-745,-727,-696,-633,-622,-790,-663,-1770,-1704,-1760,-1712,-1218,-1095]} 1. e4 c5 2. Nf3 d6 3. d4 cxd4 4. Nxd4 Nf6 5. Nc3 a6 6. Be3 e5 7. Nf3 Be7 8. Bc4 Be6 (8... O-O {feels hotter.} 9. O-O Be6 10. Bb3 Nc6 11. Bg5 Na5) 9. Bxe6 {B90: Sicilian Najdorf: Unusual White 6th moves, 6 Be3 Ng4 and 6 Be3 e5} (9. Bb3 Nbd7 10. O-O Rc8 11. Nh4 Nc5 12. Nf5 Bxf5 13. exf5 Nxb3 14. axb3 Qd7 15. Qf3 d5 16. Bg5 d4 17. Bxf6 Bxf6 {0-1 (41) Sjugirov,S (2663)-Sarana,A (2618) Khanty-Mansiysk 2018}) 9... fxe6 10. Ng5 Qd7 11. Qf3 $1 {White is slightly better.} Nc6 12. Qh3 Nd8 13. Bb6 h6 14. Bxd8 Bxd8 15. O-O-O $146 ({Predecessor:} 15. Qxe6+ Qxe6 16. Nxe6 Ba5 17. Nxg7+ {½-½ (35) Yeletsky,I (2369)-Belous,M (2309) Moscow 2017}) 15... Ba5 $1 {[%cal Ra5c3]} 16. f4 {Threatens to win with fxe5.} (16. Nxe6 $2 Bxc3 17. Qf5 Kf7 $17) (16. Qxe6+ Qxe6 17. Nxe6 Kf7 $15) 16... Bxc3 ({Don't blunder} 16... exf4 $2 17. e5 $1 $18 {[%mdl 512]}) 17. bxc3 Ke7 ({Much weaker is} 17... exf4 $6 18. e5 $1 $16 {[%mdl 512]}) 18. Nf3 Nxe4 19. Qh4+ Ke8 {[#] Hoping for ...Qa4.} 20. Nxe5 $1 {[%mdl 512]} Qa4 $40 {[%mdl 128] Black mounts an attack.} (20... dxe5 21. Rxd7) 21. Qh5+ Kd8 22. Kb2 $1 {[#] Nf7+ is the strong threat.} Nxc3 $1 {[%mdl 576] ( -> ...Qb4+). Double Attack} 23. Rxd6+ (23. Qg6 $11 Qb4+ 24. Ka1 Nxd1 25. Rxd1) (23. Kxc3 Rc8+) 23... Kc8 $17 24. a3 {Strongly threatening Qf7.} Qb5+ ({Wrong is} 24... Nb5 $2 25. Rd3 $18) 25. Kxc3 Qc5+ {[%mdl 64] Double Attack} 26. Kb2 (26. Kb3 $17 Qxd6 27. Rd1 Qb6+ 28. Ka2) 26... Qxd6 $19 27. Rd1 Qb6+ $1 28. Kc1 {[#]} Rd8 $1 29. Rxd8+ Qxd8 {[%mdl 4096] Endgame KQR-KQN} 30. Qf7 Kb8 31. Qxg7 Qd6 32. Qg3 {[#]} Ka7 $1 33. Qe3+ Qb6 34. Qc3 (34. Kd2 $17 {keeps fighting.}) 34... Rd8 35. g3 Rd6 {White must now prevent ...Qg1+.} 36. Nc4 Qc5 37. Qe3 Qxe3+ 38. Nxe3 {KR-KN} h5 39. Nc4 Rd4 40. Ne5 (40. Nb2 $142) 40... Kb6 41. Nd3 Kc6 42. h3 (42. Nf2 {is a better defense.}) 42... Kd5 {Black is clearly winning.} 43. g4 h4 44. Kd2 Ke4 45. Ke2 Rc4 46. Kd2 Rc8 47. g5 Kf3 48. a4 b6 49. Kd1 Kg3 50. Ke2 Rxc2+ 51. Ke3 Kxh3 {Accuracy: White = 45%, Black = 94%.} 0-1

[Event "CHN-ch Open 2019"]
[Site "Xinghua"]
[Date "2019.05.22"]
[Round "11.6"]
[White "Xu, Yi"]
[Black "Li, Shilong"]
[Result "1-0"]
[WhiteElo "2546"]
[BlackElo "2507"]
[Annotator "TA"]
[PlyCount "125"]
[EventDate "2019.05.11"]
[EventType "tourn"]
[EventCountry "CHN"]
[SourceTitle "playchess.com"]
[Source "ChessBase"]
[SourceQuality "1"]

{[%evp 9,125,15,29,16,22,6,6,9,9,1,6,0,2,6,18,0,86,79,90,67,95,54,70,43,64,13,12,30,41,10,35,39,40,31,119,127,139,146,172,156,181,125,130,123,125,130,119,127,121,127,132,86,100,92,88,95,86,93,97,84,96,103,97,92,114,91,117,79,79,79,73,77,90,81,90,90,90,90,108,68,83,72,80,80,93,93,141,141,141,141,164,147,141,8,8,12,12,12,12,12,20,34,177,177,177,177,29951,4634,29964,29965,29966,29967,29953,29945,9089,8079,5122,5114]} 1. e4 c5 2. Nf3 d6 3. Bb5+ Nd7 4. O-O a6 5. Bd3 Ngf6 6. Re1 {B51: Sicilian: Moscow Variation (3 Bb5+) without 3...Bd7} e6 7. a4 b6 8. c3 {The position is equal.} Bb7 9. Qe2 Qc7 10. Na3 Be7 11. Bb1 e5 12. d4 O-O $146 (12... exd4 $11 {keeps the balance.} 13. cxd4 cxd4) ({Predecessor:} 12... cxd4 13. cxd4 exd4 14. Nxd4 {½-½ (42) Jakovenko,D (2719)-Ding,L (2809) Shenzhen 2019}) 13. d5 $1 $16 Ne8 14. Nc4 Kh8 15. Bd3 f5 16. exf5 Bxd5 17. Ng5 (17. Be4 $14 Bxe4 18. Qxe4) 17... Bxg5 $1 $11 18. Bxg5 Nef6 19. Bc2 Rab8 20. Ne3 $36 {[%mdl 2048] White is pushing.} Bb7 21. c4 e4 ({Better is} 21... b5 $14) 22. Rad1 Rbd8 23. Ng4 Rde8 {intending ...Nxg4.} 24. Bf4 Ne5 25. Bxe5 (25. Nxf6 $18 Rxf6 26. Bxe4) 25... dxe5 $16 26. Nxf6 gxf6 27. Bxe4 Rd8 28. Bd5 Bxd5 29. cxd5 c4 30. Qe4 b5 31. axb5 axb5 32. g3 Rd6 33. Kg2 Qc5 34. Rd2 Rfd8 {[%cal Rd6d5]} 35. Red1 $1 Rc8 36. Kh3 b4 37. Rc1 Qb5 38. Rdc2 {[%cal Rc2c4]} (38. Kg2 {is more complex.} c3 39. bxc3 Rxc3 40. Rxc3 bxc3 41. Rc2) 38... Qxd5 39. Qxd5 Rxd5 40. Rxc4 Rxc4 41. Rxc4 {[%mdl 4096] Endgame KR-KR} Rd2 42. Rxb4 Rxf2 43. g4 e4 44. Rb8+ Kg7 45. Rb7+ Kg8 46. b4 e3 47. Re7 Rb2 48. Rxe3 Rxb4 {[#]} 49. Kh4 $1 Rb7 50. Re6 Kg7 51. g5 ({White should try} 51. Kh5 $16) 51... fxg5+ $11 52. Kxg5 Ra7 53. h4 {Threatens to win with Rd6.} Rb7 54. h5 Ra7 55. Rd6 {And now h6+ would win.} Rb7 ({Black should play} 55... Kf7 $14 56. Rf6+ Ke7) 56. h6+ $18 Kf7 {[#]} 57. Rd8 $1 {[%cal Rd8h8] Hoping for Rh8.} Ke7 $2 (57... Rb2 $18) 58. Rh8 Kd6 59. Kf6 Kd5 60. Re8 Kd6 61. Re6+ Kd5 62. Re7 Rb6+ 63. Kg7 {Accuracy: White = 59%, Black = 45%.} 1-0